[Event "Speed Chess GP1"]
[Site "Chess.com INT"]
[Date "2021.09.18"]
[Round "7"]
[White "Hansen, Eric"]
[Black "Rasulov, Vugar Ural Oglu"]
[Result "1-0"]
[WhiteElo "2606"]
[BlackElo "2465"]
[PlyCount "87"]
[GameId "1694855259443200"]
[EventDate "2021.09.18"]
[EventType "swiss (blitz)"]
[EventRounds "10"]
[EventCountry "USA"]
[SourceTitle "CBM 204 Extra"]
[Source "ChessBase"]
[SourceDate "2021.11.30"]
[SourceVersion "1"]
[SourceVersionDate "2021.11.30"]
[SourceQuality "1"]

1. Nf3 c5 2. g3 Nc6 3. Bg2 g6 4. O-O Bg7 5. e4 d6 6. c3 Nf6 7. Re1 Bg4 8. h3 Bxf3 9. Qxf3 O-O 10. d3 Nd7 11. Qd1 Rb8 12. Nd2 b5 13. Nf3 b4 14. d4 bxc3 15. bxc3 Qa5 16. Bd2 Rb2 17. e5 dxe5 18. d5 Nd8 19. c4 Qa6 20. Bc3 Rb7 21. Nxe5 Nxe5 22. Bxe5 Bxe5 23. Rxe5 Qxc4 24. Qe1 Rb2 25. Rxe7 Nb7 26. Qe5 Qd4 27. Qxd4 cxd4 28. Rd1 Nd6 29. Rxa7 Rc8 30. Ra6 Nf5 31. Be4 Nh6 32. d6 Rd8 33. Rxd4 Kf8 34. a4 Ng8 35. Ra8 Rxa8 36. Bxa8 Rb8 37. Bc6 Nf6 38. a5 Rb1+ 39. Kg2 Ra1 40. Ba4 Rb1 41. d7 Nxd7 42. Bxd7 Ke7 43. a6 Rb6 44. a7 1-0

[Event "Speed Chess GP2"]
[Site "Chess.com INT"]
[Date "2021.09.25"]
[Round "2"]
[White "Chasin, Nico Werner"]
[Black "Hansen, Eric"]
[Result "1-0"]
[WhiteElo "2240"]
[BlackElo "2606"]
[PlyCount "147"]
[GameId "1697385944907776"]
[EventDate "2021.09.25"]
[EventType "swiss (blitz)"]
[EventRounds "10"]
[EventCountry "USA"]
[SourceTitle "CBM 204 Extra"]
[Source "ChessBase"]
[SourceDate "2021.11.30"]
[SourceVersion "1"]
[SourceVersionDate "2021.11.30"]
[SourceQuality "1"]

1. d4 Nf6 2. c4 c5 3. d5 e6 4. Nc3 exd5 5. cxd5 d6 6. Bf4 a6 7. a4 g6 8. e3 Bg7 9. h3 O-O 10. Nf3 Nh5 11. Bh2 f5 12. Be2 Qe7 13. O-O Nd7 14. Nd2 Nhf6 15. Nc4 Ne8 16. a5 Ne5 17. Nb6 Rb8 18. Re1 g5 19. f4 Ng6 20. Bd3 Nc7 21. Qf3 Bd7 22. e4 gxf4 23. exf5 Ne5 24. Qxf4 Bb5 25. Bc2 Rbe8 26. Kh1 Qf6 27. Ne4 Qd8 28. Bg3 Bd3 29. Bh4 Qb8 30. Qd2 Bxe4 31. Bxe4 Nb5 32. f6 Rxf6 33. Bxf6 Bxf6 34. Rf1 Bg7 35. Rae1 Qd8 36. b4 cxb4 37. Qxb4 Rf8 38. Qd2 Qh4 39. Bf5 h5 40. Be6+ Kh8 41. Rxf8+ Bxf8 42. Rf1 Bg7 43. Qf2 Qxf2 44. Rxf2 Kh7 45. Rc2 Kg6 46. Rc8 h4 47. Rb8 Bh6 48. Rxb7 Bd2 49. Nd7 Bxa5 50. Nxe5+ dxe5 51. Bd7 Nd6 52. Ra7 e4 53. Rxa6 Bb4 54. Rb6 Bc5 55. Rc6 Bb4 56. Kg1 Kf6 57. Be6 Ke5 58. Kf2 Kf4 59. Rc7 Ke5 60. Rh7 Kd4 61. Rxh4 Kd3 62. Kf1 Kd2 63. Bg4 Nc4 64. Bh5 Nd6 65. Be2 Bc5 66. Rh5 Ke3 67. g4 Kf4 68. g5 Nf5 69. g6 Ng3+ 70. Ke1 Nxh5 71. Bxh5 Bf8 72. d6 Kg5 73. d7 Bb4+ 74. Ke2 1-0

[Event "Speed Chess GP2"]
[Site "Chess.com INT"]
[Date "2021.09.25"]
[Round "6"]
[White "Hansen, Eric"]
[Black "Gelman, Alexander"]
[Result "1/2-1/2"]
[WhiteElo "2606"]
[BlackElo "2403"]
[PlyCount "107"]
[GameId "1697385946001408"]
[EventDate "2021.09.25"]
[EventType "swiss (blitz)"]
[EventRounds "10"]
[EventCountry "USA"]
[SourceTitle "CBM 204 Extra"]
[Source "ChessBase"]
[SourceDate "2021.11.30"]
[SourceVersion "1"]
[SourceVersionDate "2021.11.30"]
[SourceQuality "1"]

1. e4 c5 2. Nf3 e6 3. g3 Nc6 4. Bg2 Nf6 5. Qe2 d6 6. O-O Be7 7. Rd1 O-O 8. d4 cxd4 9. Nxd4 Qc7 10. c4 Ne5 11. Na3 a6 12. b3 Bd7 13. Bb2 Rac8 14. Rac1 Rfd8 15. h3 h6 16. Kh2 Qb8 17. f4 Ng6 18. Nac2 h5 19. f5 Ne5 20. fxe6 fxe6 21. Kh1 Rf8 22. Rf1 b5 23. cxb5 axb5 24. Nb4 Qb6 25. a3 Ng6 26. Rxc8 Rxc8 27. Nf3 e5 28. Ng5 h4 29. Qd3 Qc5 30. Nd5 Bd8 31. g4 Qc2 32. Nxf6+ Bxf6 33. Qd5+ Kh8 34. Nf7+ Kh7 35. Bc1 Qxc1 36. Rxc1 Rxc1+ 37. Kh2 Rc2 38. Kg1 Rxg2+ 39. Kh1 Rc2 40. g5 Bc6 41. Qd3 Rc1+ 42. Kh2 Nf4 43. Qf3 Rc2+ 44. Kh1 Be7 45. Kg1 d5 46. Nxe5 Bc5+ 47. Kh1 dxe4 48. g6+ Kg8 49. Qg4 e3+ 50. Nxc6 Rc1+ 51. Kh2 Rc2+ 52. Kh1 Rc1+ 53. Kh2 Rc2+ 54. Kh1 1/2-1/2

[Event "Speed Chess GP2"]
[Site "Chess.com INT"]
[Date "2021.09.25"]
[Round "7"]
[White "Azarov, Sergei Nikolaevich"]
[Black "Hansen, Eric"]
[Result "1-0"]
[WhiteElo "2603"]
[BlackElo "2606"]
[PlyCount "67"]
[GameId "1697385946202112"]
[EventDate "2021.09.25"]
[EventType "swiss (blitz)"]
[EventRounds "10"]
[EventCountry "USA"]
[SourceTitle "CBM 204 Extra"]
[Source "ChessBase"]
[SourceDate "2021.11.30"]
[SourceVersion "1"]
[SourceVersionDate "2021.11.30"]
[SourceQuality "1"]

1. e4 c5 2. Nf3 e6 3. d4 cxd4 4. Nxd4 a6 5. Be2 Nf6 6. Nc3 Qc7 7. O-O Bb4 8. Bg5 Nc6 9. Bxf6 gxf6 10. Nxc6 bxc6 11. Bd3 h5 12. f4 c5 13. Qe2 Bb7 14. Nd1 h4 15. Ne3 h3 16. g3 c4 17. Nxc4 Bc5+ 18. Kh1 f5 19. Nd2 Rc8 20. c3 Qb6 21. Nf3 fxe4 22. Bxe4 Bxe4 23. Qxe4 Qxb2 24. Ne5 d5 25. Qf3 Bd6 26. Rac1 Qxa2 27. Rf2 Qa3 28. Rfc2 Qa4 29. c4 Bxe5 30. fxe5 Rxc4 31. Rxc4 dxc4 32. Rb1 Rh7 33. Qa8+ Kd7 34. Rb7+ 1-0

[Event "Speed Chess GP2"]
[Site "Chess.com INT"]
[Date "2021.09.25"]
[Round "8"]
[White "Hansen, Eric"]
[Black "Lewtak, Damian"]
[Result "1-0"]
[WhiteElo "2606"]
[BlackElo "2397"]
[PlyCount "59"]
[GameId "1697385946402816"]
[EventDate "2021.09.25"]
[EventType "swiss (blitz)"]
[EventRounds "10"]
[EventCountry "USA"]
[SourceTitle "CBM 204 Extra"]
[Source "ChessBase"]
[SourceDate "2021.11.30"]
[SourceVersion "1"]
[SourceVersionDate "2021.11.30"]
[SourceQuality "1"]

1. e4 e6 2. Nc3 d5 3. d4 Bb4 4. e5 b6 5. a3 Bxc3+ 6. bxc3 Ne7 7. Qg4 Kf8 8. Nh3 Ba6 9. Bxa6 Nxa6 10. Nf4 Ng6 11. h4 Nxf4 12. Bxf4 h5 13. Qe2 Nb8 14. g4 hxg4 15. Qxg4 Nd7 16. h5 Qe7 17. Rg1 f5 18. Qf3 Ke8 19. c4 c6 20. cxd5 cxd5 21. c4 Qf7 22. Rg6 Nf8 23. cxd5 exd5 24. e6 Qb7 25. Qg2 Rh7 26. Rc1 Rc8 27. h6 gxh6 28. Rg8 Rxc1+ 29. Bxc1 Ke7 30. Rg7+ 1-0

[Event "Speed Chess GP3"]
[Site "Chess.com INT"]
[Date "2021.10.02"]
[Round "2"]
[White "Hansen, Eric"]
[Black "Valdes Romero, Leonardo"]
[Result "1/2-1/2"]
[WhiteElo "2606"]
[BlackElo "2402"]
[PlyCount "120"]
[GameId "1699942217359360"]
[EventDate "2021.10.02"]
[EventType "swiss (blitz)"]
[EventRounds "10"]
[EventCountry "USA"]
[SourceTitle "CBM 204 Extra"]
[Source "ChessBase"]
[SourceDate "2021.11.30"]
[SourceVersion "1"]
[SourceVersionDate "2021.11.30"]
[SourceQuality "1"]

1. Nf3 d6 2. d4 Nf6 3. g3 Nbd7 4. Bg2 e5 5. c4 Be7 6. Nc3 O-O 7. O-O c6 8. e4 a6 9. Be3 b5 10. cxb5 axb5 11. b4 Re8 12. h3 Bf8 13. a4 bxa4 14. Rxa4 Rb8 15. Qc2 Nb6 16. Raa1 Nc4 17. Bg5 h6 18. Bc1 Be6 19. Rb1 Qc7 20. Rd1 Rec8 21. Bf1 Nb6 22. Be3 Be7 23. Kh2 Nc4 24. Bxc4 Bxc4 25. dxe5 dxe5 26. Na4 Be6 27. Nc5 Bxc5 28. Bxc5 Rd8 29. Ng1 Rxd1 30. Rxd1 Rd8 31. f3 Rxd1 32. Qxd1 Nd7 33. Bd6 Qb6 34. Qd2 Qd4 35. Qxd4 exd4 36. Kg2 Nb6 37. Kf2 Na4 38. Ke2 Bc4+ 39. Kd2 f6 40. h4 Kf7 41. h5 Ke6 42. Bf8 Kf7 43. Bd6 Ke6 44. Bb8 c5 45. Ba7 cxb4 46. Bxd4 b3 47. Kc1 Bd3 48. Nh3 Kf7 49. Nf4 Bc2 50. Ng2 Bd3 51. Nf4 Bc2 52. g4 Ke7 53. Nd5+ Kf7 54. Kd2 Bb1 55. Kc1 Bd3 56. Nf4 Bf1 57. Kd2 Bb5 58. Kc1 Bf1 59. Kd2 Bb5 60. Kc1 Bf1 1/2-1/2

[Event "Speed Chess GP3"]
[Site "Chess.com INT"]
[Date "2021.10.02"]
[Round "6"]
[White "Popilski, Gil"]
[Black "Hansen, Eric"]
[Result "1/2-1/2"]
[WhiteElo "2464"]
[BlackElo "2606"]
[PlyCount "136"]
[GameId "1699942218682368"]
[EventDate "2021.10.02"]
[EventType "swiss (blitz)"]
[EventRounds "10"]
[EventCountry "USA"]
[SourceTitle "CBM 204 Extra"]
[Source "ChessBase"]
[SourceDate "2021.11.30"]
[SourceVersion "1"]
[SourceVersionDate "2021.11.30"]
[SourceQuality "1"]

1. e4 c6 2. d4 d5 3. e5 Bf5 4. Nf3 e6 5. Be2 a6 6. O-O Nd7 7. Nbd2 Ne7 8. Nb3 Rc8 9. Be3 Bg4 10. h3 Bxf3 11. Bxf3 Nf5 12. Bd2 Be7 13. Ba5 b6 14. Bd2 c5 15. c3 Bg5 16. g3 O-O 17. h4 Bxd2 18. Qxd2 a5 19. Nc1 b5 20. Ne2 Nb6 21. b3 b4 22. Rfc1 bxc3 23. Rxc3 Nxd4 24. Nxd4 cxd4 25. Rxc8 Nxc8 26. Qxd4 Ne7 27. Rc1 Nf5 28. Qa7 g5 29. h5 g4 30. Be2 Qg5 31. Rd1 Rc8 32. Qxa5 Qxh5 33. Qd2 Ne7 34. Qd4 Ng6 35. Bxg4 Qxe5 36. Qxe5 Nxe5 37. Bh5 Rc2 38. Ra1 Rb2 39. Kf1 Kg7 40. Be2 f5 41. f4 Nc6 42. Bd1 Na5 43. a4 Kf6 44. Rc1 Nxb3 45. Bxb3 Rxb3 46. Ra1 Rb6 47. a5 Ra6 48. Ke2 d4 49. Kd3 e5 50. Kc4 Ke6 51. fxe5 Kxe5 52. Re1+ Kf6 53. Kb5 Ra8 54. a6 Kg5 55. Rd1 Kg4 56. Rd3 h5 57. Kb6 h4 58. gxh4 Kxh4 59. Rxd4+ Kg3 60. Rd3+ Kg4 61. a7 f4 62. Kb7 Rxa7+ 63. Kxa7 f3 64. Kb6 f2 65. Rd1 Kf3 66. Kc5 Ke2 67. Ra1 f1=Q 68. Rxf1 Kxf1 1/2-1/2

[Event "Speed Chess GP3"]
[Site "Chess.com INT"]
[Date "2021.10.02"]
[Round "8"]
[White "Kretov, Evgenij"]
[Black "Hansen, Eric"]
[Result "0-1"]
[WhiteElo "2274"]
[BlackElo "2606"]
[PlyCount "84"]
[GameId "1699942219096064"]
[EventDate "2021.10.02"]
[EventType "swiss (blitz)"]
[EventRounds "10"]
[EventCountry "USA"]
[SourceTitle "CBM 204 Extra"]
[Source "ChessBase"]
[SourceDate "2021.11.30"]
[SourceVersion "1"]
[SourceVersionDate "2021.11.30"]
[SourceQuality "1"]

1. d4 Nf6 2. c4 g6 3. Nc3 d5 4. cxd5 Nxd5 5. Bd2 Bg7 6. e4 Nb6 7. Be3 O-O 8. h3 e5 9. Nf3 exd4 10. Bxd4 Qe7 11. Bxg7 Kxg7 12. Be2 Rd8 13. Qc2 c5 14. a4 Nc6 15. a5 Nb4 16. Qb1 Nd7 17. O-O Ne5 18. Nxe5 Qxe5 19. f4 Qe7 20. Bc4 Be6 21. Bxe6 Qxe6 22. Rf2 Nd3 23. Rf3 c4 24. Qc2 b5 25. axb6 axb6 26. Raf1 b5 27. f5 Qb6+ 28. Kh1 Ne5 29. f6+ Kh8 30. Nd5 Rxd5 31. exd5 Nxf3 32. Rxf3 Qd4 33. Qc1 Qxd5 34. Rf1 Qe5 35. Qh6 Rg8 36. Rf4 g5 37. Rg4 Qxb2 38. h4 Qb1+ 39. Kh2 Qg6 40. Qxg6 Rxg6 41. hxg5 h6 42. Rh4 Kh7 0-1

[Event "Speed Chess GP3"]
[Site "Chess.com INT"]
[Date "2021.10.02"]
[Round "9"]
[White "Hansen, Eric"]
[Black "Rychagov, Andrey"]
[Result "1-0"]
[WhiteElo "2606"]
[BlackElo "2549"]
[PlyCount "101"]
[GameId "1699942219509760"]
[EventDate "2021.10.02"]
[EventType "swiss (blitz)"]
[EventRounds "10"]
[EventCountry "USA"]
[SourceTitle "CBM 204 Extra"]
[Source "ChessBase"]
[SourceDate "2021.11.30"]
[SourceVersion "1"]
[SourceVersionDate "2021.11.30"]
[SourceQuality "1"]

1. Nf3 d5 2. g3 c6 3. Bg2 Bg4 4. O-O Nd7 5. h3 Bh5 6. d3 Ngf6 7. c4 dxc4 8. dxc4 e5 9. Nc3 Be7 10. Qc2 Bg6 11. Qb3 Nc5 12. Qd1 Qxd1 13. Rxd1 Nfd7 14. b3 O-O-O 15. Bb2 Rhe8 16. b4 Ne6 17. c5 e4 18. Nh4 Bxh4 19. gxh4 Nf4 20. Bf1 Ne5 21. Rxd8+ Rxd8 22. Nxe4 Nc4 23. Bc1 Nd5 24. Nd2 Ne5 25. a3 Nf4 26. Kh2 Ne6 27. Ra2 Nd4 28. f3 Nf5 29. Ne4 Nxh4 30. Bg5 Rd1 31. Nd6+ Kd7 32. Kg1 Nhxf3+ 33. exf3 Nxf3+ 34. Kf2 Nxg5 35. Nxb7 Ne4+ 36. Kg2 Kc7 37. Na5 Nc3 38. Rf2 Be4+ 39. Kh2 f5 40. Nc4 Nd5 41. Nd6 Ne3 42. Be2 Rd2 43. Nxe4 fxe4 44. Kg3 Nd5 45. Rf7+ Kd8 46. Bg4 e3 47. Rd7+ Ke8 48. Rd6 Kf7 49. Rxc6 g6 50. Rd6 e2 51. Kf2 1-0

[Event "Speed Chess Super Swiss"]
[Site "Chess.com INT"]
[Date "2021.10.16"]
[Round "6"]
[White "Vakhlamov, Igor L"]
[Black "Hansen, Eric"]
[Result "1-0"]
[WhiteElo "2413"]
[BlackElo "2606"]
[PlyCount "91"]
[GameId "1705024101158912"]
[EventDate "2021.10.16"]
[EventType "swiss (blitz)"]
[EventRounds "15"]
[EventCountry "USA"]
[SourceTitle "CBM 204 Extra"]
[Source "ChessBase"]
[SourceDate "2021.11.30"]
[SourceVersion "1"]
[SourceVersionDate "2021.11.30"]
[SourceQuality "1"]

1. e4 c5 2. Nf3 e6 3. Nc3 a6 4. g3 Qc7 5. Bg2 d6 6. O-O Nf6 7. d3 Nc6 8. Ng5 b5 9. f4 Bb7 10. f5 e5 11. Nd5 Qd8 12. Nxf6+ gxf6 13. Nf3 h5 14. Nh4 c4 15. dxc4 bxc4 16. c3 Qb6+ 17. Kh1 Ne7 18. Qe2 Qb5 19. a4 Qc6 20. Be3 Rd8 21. Rfd1 d5 22. exd5 Nxd5 23. Rd2 Nxe3 24. Rxd8+ Kxd8 25. Qxe3 Qc7 26. Rd1+ Kc8 27. Be4 Bc5 28. Qf3 Bxe4 29. Qxe4 Qb7 30. Qxb7+ Kxb7 31. Rd7+ Kc6 32. Rxf7 Rb8 33. Rxf6+ Kd5 34. Rxa6 Rxb2 35. f6 Rf2 36. Ng6 Bd6 37. Ne7+ Ke4 38. Rxd6 Kf3 39. Rd1 Ke2 40. Rd5 Rxf6 41. Rxe5+ Kd3 42. Nd5 Ra6 43. Rxh5 Ke2 44. Kg2 Kd3 45. h4 Ra7 46. Rg5 1-0

[Event "Speed Chess Super Swiss"]
[Site "Chess.com INT"]
[Date "2021.10.16"]
[Round "8"]
[White "Tologontegin, Semetey"]
[Black "Hansen, Eric"]
[Result "0-1"]
[WhiteElo "2381"]
[BlackElo "2606"]
[PlyCount "120"]
[GameId "1705024101720064"]
[EventDate "2021.10.16"]
[EventType "swiss (blitz)"]
[EventRounds "15"]
[EventCountry "USA"]
[SourceTitle "CBM 204 Extra"]
[Source "ChessBase"]
[SourceDate "2021.11.30"]
[SourceVersion "1"]
[SourceVersionDate "2021.11.30"]
[SourceQuality "1"]

1. d4 Nf6 2. c4 g6 3. Nc3 d5 4. cxd5 Nxd5 5. e4 Nxc3 6. bxc3 Bg7 7. Bc4 c5 8. Ne2 O-O 9. O-O Nc6 10. Be3 Bg4 11. f3 Bd7 12. Rb1 Rc8 13. Bd3 Qc7 14. d5 Ne5 15. c4 b6 16. Bf4 e6 17. Bg3 Qb7 18. f4 Nxd3 19. Qxd3 exd5 20. cxd5 c4 21. Qc2 c3 22. Rfd1 Rc4 23. e5 Bf5 24. Qb3 c2 25. Qxc4 cxb1=Q 26. Rxb1 Bxb1 27. d6 Qe4 28. Qxe4 Bxe4 29. Nc3 Bc6 30. Kf2 f5 31. Bh4 Kf7 32. Ke3 Ke6 33. g3 Rc8 34. Kd4 h6 35. Be7 g5 36. h4 gxf4 37. gxf4 h5 38. a4 a6 39. Ke3 Bh6 40. Ne2 Bd7 41. Nd4+ Kd5 42. Ne2 b5 43. axb5 axb5 44. Bg5 Bg7 45. Kd3 b4 46. Be7 Bb5+ 47. Ke3 b3 48. d7 Bxd7 49. Ba3 Rc2 50. Kd3 Bb5+ 51. Ke3 Rxe2+ 52. Kf3 Re4 53. e6 Be2+ 54. Kf2 Rxe6 55. Bb2 Bxb2 56. Kg3 Bd4 57. Kh2 b2 58. Kh3 b1=Q 59. Kg2 Qg1+ 60. Kh3 Bf1# 0-1

[Event "Speed Chess Super Swiss"]
[Site "Chess.com INT"]
[Date "2021.10.16"]
[Round "9"]
[White "Hansen, Eric"]
[Black "Csonka, Balazs"]
[Result "0-1"]
[WhiteElo "2606"]
[BlackElo "2478"]
[PlyCount "86"]
[GameId "1705024101920768"]
[EventDate "2021.10.16"]
[EventType "swiss (blitz)"]
[EventRounds "15"]
[EventCountry "USA"]
[SourceTitle "CBM 204 Extra"]
[Source "ChessBase"]
[SourceDate "2021.11.30"]
[SourceVersion "1"]
[SourceVersionDate "2021.11.30"]
[SourceQuality "1"]

1. Nf3 Nf6 2. g3 g6 3. Bg2 Bg7 4. O-O O-O 5. c4 c6 6. Nc3 d5 7. d3 dxc4 8. dxc4 Qxd1 9. Rxd1 Be6 10. b3 Ne4 11. Nxe4 Bxa1 12. Ba3 Bg7 13. Nfg5 Bf5 14. Bxe7 Re8 15. Ba3 Bxe4 16. Nxe4 Na6 17. Bf3 Rad8 18. Rc1 Be5 19. b4 f5 20. Ng5 Rd2 21. b5 Nb8 22. h4 Rxa2 23. Bc5 b6 24. Be3 cxb5 25. Kg2 Ra1 26. Rc2 b4 27. c5 bxc5 28. Rxc5 Nd7 29. Rb5 Nf6 30. Rxb4 Ra3 31. Rb7 Rxe3 32. fxe3 Bd6 33. Rxa7 Rxe3 34. Ra6 Be7 35. Ne6 Re5 36. Ra8+ Kf7 37. Ng5+ Kg7 38. Ra7 Ng4 39. Bxg4 fxg4 40. e4 h5 41. Kf2 Kf8 42. Nh7+ Ke8 43. Ng5 Bc5+ 0-1

[Event "Speed Chess Super Swiss"]
[Site "Chess.com INT"]
[Date "2021.10.16"]
[Round "10"]
[White "Matinian, Nikita"]
[Black "Hansen, Eric"]
[Result "0-1"]
[WhiteElo "2454"]
[BlackElo "2606"]
[PlyCount "194"]
[GameId "1705024102182912"]
[EventDate "2021.10.16"]
[EventType "swiss (blitz)"]
[EventRounds "15"]
[EventCountry "USA"]
[SourceTitle "CBM 204 Extra"]
[Source "ChessBase"]
[SourceDate "2021.11.30"]
[SourceVersion "1"]
[SourceVersionDate "2021.11.30"]
[SourceQuality "1"]

1. e4 c5 2. Nc3 e6 3. f4 Qc7 4. Nf3 a6 5. a4 Nc6 6. d3 Nf6 7. e5 Nd5 8. Ne4 f5 9. exf6 Nxf6 10. Nxf6+ gxf6 11. g3 b6 12. Bg2 Bb7 13. O-O O-O-O 14. c3 h5 15. Nh4 f5 16. Be3 Be7 17. Ng6 Rh6 18. Nxe7+ Nxe7 19. Bxb7+ Qxb7 20. b4 h4 21. Qf3 Qxf3 22. Rxf3 hxg3 23. bxc5 gxh2+ 24. Kh1 bxc5 25. Bxc5 Nc6 26. Rf2 Rh3 27. Rd1 d6 28. Ba3 Ne7 29. Rxh2 Rxh2+ 30. Kxh2 Nd5 31. Kg3 Kd7 32. c4 Nc3 33. Rh1 Rb8 34. Rh7+ Kc6 35. Ra7 Rb3 36. Rxa6+ Kb7 37. Rxd6 Rxa3 38. Rxe6 Ne4+ 39. Kh4 Rxd3 40. a5 Rf3 41. Kh5 Rxf4 42. Kg6 Rf1 43. Re5 Ng3 44. Rb5+ Ka6 45. Rb3 f4 46. c5 Ne2 47. c6 Rg1+ 48. Kf6 Rc1 49. Ke5 Rxc6 50. Ke4 Re6+ 51. Kd5 Re8 52. Rb6+ Kxa5 53. Rf6 Kb4 54. Kd6 Kc3 55. Kd7 Re3 56. Rc6+ Kd3 57. Ra6 f3 58. Ra2 Nc3 59. Rf2 Ne4 60. Rf1 f2 61. Kc6 Ke2 62. Ra1 Rc3+ 63. Kd5 Rd3+ 64. Kxe4 Rd1 65. Ra2+ Rd2 66. Ra1 f1=Q 67. Rxf1 Kxf1 68. Ke3 Re2+ 69. Kd4 Ke1 70. Kd5 Kd2 71. Kc5 Re3 72. Kc6 Ke2 73. Kc5 Rh3 74. Kc6 Rh5 75. Kd6 Rh6+ 76. Kd5 Kf3 77. Kd4 Kg4 78. Kc4 Rh3 79. Kc5 Rg3 80. Kd5 Rf3 81. Kd6 Rf4 82. Kd5 Kg5 83. Kc5 Rf5+ 84. Kc6 Kg6 85. Kd6 Rf6+ 86. Kd7 Kg7 87. Kc7 Rg6 88. Kb7 Rh6 89. Kc7 Rh5 90. Kd7 Rh4 91. Ke7 Rg4 92. Kd7 Rg3 93. Ke7 Rg2 94. Kd7 Kg6 95. Kd6 Rg1 96. Kd5 Re1 97. Kd4 Rd1+ 0-1

[Event "Speed Chess Super Swiss"]
[Site "Chess.com INT"]
[Date "2021.10.16"]
[Round "12"]
[White "Nenezic, Marko"]
[Black "Hansen, Eric"]
[Result "0-1"]
[WhiteElo "2521"]
[BlackElo "2606"]
[PlyCount "114"]
[GameId "1705024102584320"]
[EventDate "2021.10.16"]
[EventType "swiss (blitz)"]
[EventRounds "15"]
[EventCountry "USA"]
[SourceTitle "CBM 204 Extra"]
[Source "ChessBase"]
[SourceDate "2021.11.30"]
[SourceVersion "1"]
[SourceVersionDate "2021.11.30"]
[SourceQuality "1"]

1. Nf3 d5 2. d4 Nf6 3. c4 e6 4. g3 Be7 5. Bg2 O-O 6. Qc2 b6 7. O-O Bb7 8. Ne5 c6 9. Rd1 Na6 10. Nc3 Rc8 11. Qb3 h6 12. Bf4 Bd6 13. cxd5 exd5 14. Bh3 Rc7 15. Be3 Re8 16. f4 Rce7 17. Bf2 c5 18. Nb5 Ne4 19. Nxd6 Qxd6 20. dxc5 bxc5 21. Be1 d4 22. Bg2 Bd5 23. Qa3 Qe6 24. Rac1 Nf6 25. Bxd5 Nxd5 26. Bf2 Ndb4 27. b3 f6 28. Ng6 Rd7 29. Re1 Qg4 30. Nh4 Rxe2 31. h3 Qe6 32. Qa5 Nd3 33. Rxe2 Qxe2 34. Rf1 Qe6 35. Qb5 Nxf2 36. Rxf2 d3 37. f5 Qd6 38. Qc4+ Kh7 39. Rd2 Qxg3+ 40. Ng2 Re7 41. Qc1 Re2 42. Rxe2 dxe2 43. Qe1 Qf3 44. Nh4 Qe3+ 45. Kg2 Nb4 46. Nf3 Nd3 47. Qg3 Nf4+ 48. Kh2 Kh8 49. h4 c4 50. bxc4 Qe4 51. c5 Qxf5 52. c6 Nd5 53. c7 Nxc7 54. Qxc7 Qxf3 55. Qc8+ Kh7 56. Qc2+ f5 57. Qxf5+ Qxf5 0-1

[Event "Speed Chess Super Swiss"]
[Site "Chess.com INT"]
[Date "2021.10.16"]
[Round "13"]
[White "Shahade, Gregory P"]
[Black "Hansen, Eric"]
[Result "0-1"]
[WhiteElo "2476"]
[BlackElo "2606"]
[PlyCount "66"]
[GameId "1705024102682624"]
[EventDate "2021.10.16"]
[EventType "swiss (blitz)"]
[EventRounds "15"]
[EventCountry "USA"]
[SourceTitle "CBM 204 Extra"]
[Source "ChessBase"]
[SourceDate "2021.11.30"]
[SourceVersion "1"]
[SourceVersionDate "2021.11.30"]
[SourceQuality "1"]

1. e4 e5 2. Nf3 Nc6 3. Bb5 a6 4. Ba4 Nf6 5. O-O Be7 6. Re1 b5 7. Bb3 d6 8. c3 O-O 9. h3 Na5 10. Bc2 c5 11. d4 Qc7 12. d5 c4 13. b4 cxb3 14. axb3 Bd7 15. Qd3 Nb7 16. b4 Rfc8 17. Bb3 g6 18. Bg5 Be8 19. Rc1 Kg7 20. Nbd2 a5 21. Nf1 Nh5 22. Be3 Bf6 23. g3 Be7 24. Bd2 Qb6 25. Ne3 Nf6 26. Kg2 Bd7 27. Rc2 Rc7 28. Be1 Rac8 29. Rca2 a4 30. Bd1 Be8 31. Be2 h5 32. Nc2 Rc4 33. Nd2 Rxc3 0-1

[Event "Titled Tuesday intern op 09th Nov"]
[Site "Chess.com INT"]
[Date "2021.11.09"]
[Round "1"]
[White "Reprintsev, Alexander"]
[Black "Hansen, Eric"]
[Result "0-1"]
[WhiteElo "2353"]
[BlackElo "2606"]
[PlyCount "146"]
[GameId "1715161305276416"]
[EventDate "2021.11.09"]
[EventType "swiss (blitz)"]
[EventRounds "11"]
[EventCountry "USA"]
[SourceTitle "CBM 205 Extra"]
[Source "ChessBase"]
[SourceDate "2022.01.31"]
[SourceVersion "1"]
[SourceVersionDate "2022.01.31"]
[SourceQuality "1"]

1. e4 c5 2. b3 d6 3. Bb2 e5 4. f4 exf4 5. Qf3 Nc6 6. Qxf4 Be6 7. Bb5 Nge7 8. Nf3 a6 9. Bc4 d5 10. exd5 Nxd5 11. Bxd5 Qxd5 12. Nc3 Qf5 13. Qxf5 Bxf5 14. O-O-O O-O-O 15. h3 h5 16. Rhf1 f6 17. Nh4 Bh7 18. Rde1 b6 19. d3 Bd6 20. Nf5 Bxf5 21. Rxf5 h4 22. Ne4 Bc7 23. a3 Rh6 24. Nf2 Rdh8 25. Bc3 Rh5 26. Rxh5 Rxh5 27. Re8+ Kd7 28. Rg8 Rg5 29. Ng4 Bd8 30. Bd2 Rg6 31. Bf4 Nd4 32. Be3 Nc6 33. Bf4 Ke6 34. c3 Kf7 35. Rh8 f5 36. Ne3 Bg5 37. Bxg5 Rxg5 38. Rxh4 g6 39. Rh7+ Ke6 40. Rb7 Rg3 41. Kd2 f4 42. Nc4 Rxg2+ 43. Ke1 b5 44. Rc7 Ne7 45. Nd2 Kd6 46. Ra7 Nf5 47. Rxa6+ Kd7 48. Ne4 f3 49. Nxc5+ Kc7 50. Ne6+ Kb8 51. Rb6+ Ka7 52. Rxb5 f2+ 53. Ke2 Ng3+ 54. Ke3 f1=Q 55. Nc5 Re2+ 56. Kd4 Qf4+ 57. Kd5 Re5+ 58. Kc6 Qf6+ 59. Kc7 Re7+ 60. Nd7 Qxc3+ 61. Kd8 Rxd7+ 62. Kxd7 Qxd3+ 63. Kc6 Qe4+ 64. Kc7 Qf4+ 65. Kc6 Qf6+ 66. Kc7 Qe7+ 67. Kc6 Qd8 68. Rb7+ Ka6 69. Rb4 Qc8+ 70. Kd6 Nf5+ 71. Kd5 Qd7+ 72. Kc5 Qd6+ 73. Kc4 Qd4# 0-1

[Event "Chess.com Rapid Wk1 Swiss"]
[Site "Chess.com INT"]
[Date "2022.02.12"]
[Round "1"]
[White "Hansen, Eric"]
[Black "Kovalev, Vladislav"]
[Result "0-1"]
[WhiteElo "2606"]
[BlackElo "2623"]
[PlyCount "88"]
[GameId "1748158966706176"]
[EventDate "2022.02.12"]
[EventType "swiss (rapid)"]
[EventRounds "9"]
[EventCountry "USA"]
[SourceTitle "CBM 206 Extra"]
[Source "ChessBase"]
[SourceDate "2022.03.31"]
[SourceVersion "1"]
[SourceVersionDate "2022.03.31"]
[SourceQuality "1"]

1. e4 e5 2. Nf3 Nc6 3. Bb5 a6 4. Ba4 Nf6 5. O-O Be7 6. Re1 b5 7. Bb3 d6 8. c3 O-O 9. h3 Nb8 10. d4 Nbd7 11. Nbd2 c5 12. Nf1 Re8 13. Ng3 Bf8 14. Bg5 h6 15. Be3 exd4 16. cxd4 Bb7 17. Nd2 cxd4 18. Bxd4 Nc5 19. Bc2 Ne6 20. Bc3 d5 21. Bxf6 Qxf6 22. e5 Qf4 23. Nf3 Ng5 24. Nxg5 Qxg5 25. Qd4 Rac8 26. h4 Qxg3 27. fxg3 Bc5 28. Qxc5 Rxc5 29. Bb3 d4 30. Rad1 Bd5 31. Rxd4 Bxb3 32. axb3 Rcxe5 33. Rxe5 Rxe5 34. Kf2 g6 35. g4 Kg7 36. Kf3 Re1 37. g5 hxg5 38. hxg5 Rf1+ 39. Kg3 Rf5 40. Rd6 Rxg5+ 41. Kh2 a5 42. Ra6 b4 43. Kh3 Rd5 44. Rxa5 Rxa5 0-1